书目信息 |
| 题名: |
肥料研制与加工
|
|
| 作者: | 王正银 | |
| 分册: | ||
| 出版信息: | 北京 中国农业大学出版社 2011 |
|
| 页数: | 380 | |
| 开本: | 26cm | |
| 丛书名: | ||
| 单 册: | ||
| 中图分类: | S14 | |
| 科图分类: | ||
| 主题词: | 肥料学 | |
| 电子资源: | ||
| ISBN: | 7-5655-0273-6 | |
| 000 | 00522nam0 2200181 450 | |
| 001 | 1735846483 | |
| 005 | 20170410095726.48 | |
| 010 | @a7-5655-0273-6 | |
| 100 | @a20170410d km y0chiy0120 ea | |
| 101 | 0 | @achi |
| 200 | 1 | @a肥料研制与加工@Afei liao yan zhi yu jia gong@f王正银@Fwang zheng yin |
| 210 | @a北京@c中国农业大学出版社@d2011 | |
| 215 | @a380@d26cm | |
| 606 | 0 | @a肥料学 |
| 690 | @aS14@v4 | |
| 701 | 0 | @a王正银@Awang zheng yin |
| 801 | 0 | @aCN@b大连网信软件有限公司图书馆·11@c20170410 |
| 905 | @b6604286@dS14@en3@f1 | |
| 肥料研制与加工/王正银.-北京:中国农业大学出版社,2011 |
| 380;26cm |
| ISBN 7-5655-0273-6: |
| ● |
| 相关链接 |
|
|
|
|
正题名:肥料研制与加工
索取号:S14/n3
 
预约/预借
| 序号 | 登录号 | 条形码 | 馆藏地/架位号 | 状态 | 备注 |
| 1 | 6604286 | 266042864 | 密集书库-生命科学系/ [索取号:S14/n3] | 在馆 |